Disney Sorting Gallery IV Quiz Stats

 Plays Quiz Updated Aug 31, 2016

Challenge
Share
Tweet
Embed
Score 0/55 Timer 07:00
56 Plays Today
% Correct
The Parent Trap
93.7%
Freaky Friday
92.1%
Saving Mr. Banks
91.6%
Magic Kingdom
90.9%
ABC
90.8%
Selena Gomez
90.8%
Animal Kingdom
90.4%
A Spoonful of Sugar
90.4%
France
90.3%
ESPN
90.3%
Greece
90.3%
Miley Cyrus
90.2%
Disneyland
90.1%
England
90%
China
89.8%
Australia
89.8%
Into the Woods
89.6%
Hilary Duff
89.1%
California Adventure
89.1%
Disney Channel
88.9%
India
88.9%
Hollywood Studios
88.8%
Swiss Family Robinson
88.6%
Scotland
88.5%
Shia LaBeouf
88.2%
Typhoon Lagoon
87.9%
Flora
87.8%
Bibbidi Bobbidi Boo
87.7%
% Correct
Jamaica
87.4%
Raven-Symoné
87.3%
United States
86.9%
A&E
86.8%
Fauna
86.4%
Blizzard Beach
85.9%
Kirsten Storms
84%
The Love Bug
82.7%
Lifetime
82.7%
Pain
81.2%
Phillip Rhys
80.6%
Feed the Birds
80.2%
History
80.1%
Flit
80.1%
Babes in Toyland
79.8%
Step in Time
78.7%
Epcot
78.5%
Panic
78%
Scuttle
77%
Nigel
75.3%
Sky High
74.9%
Merryweather
72.4%
Jolly Holiday
71.3%
Kevin
69.5%
John Carter
65.1%
Sister Suffragette
64.2%
Underdog
63.6%

You're not logged in!

Compare scores with friends on all Sporcle quizzes.
Join for Free
OR
Log In

You Might Also Like...

Show Comments

Extras

Top Quizzes Today


Score Distribution

Your Account Isn't Verified!

In order to create a playlist on Sporcle, you need to verify the email address you used during registration. Go to your Sporcle Settings to finish the process.

Report this User

Report this user for behavior that violates our Community Guidelines.

Details: